| 000 | 01079nam a2200313 a 4500 | ||
|---|---|---|---|
| 001 | C01491592c-7 | ||
| 003 | CO-ViMGA | ||
| 005 | 20230915234409.0 | ||
| 008 | 150811s2014 ck gr 000 fbspa d | ||
| 020 | _a9584247204 | ||
| 020 | _a9789584247209 | ||
| 040 |
_aCO-ViMGA _bspa _cCO-ViMGA |
||
| 041 | 1 | _heng | |
| 043 | _an-us--- | ||
| 082 | 0 | 4 |
_a813.5 _bC51c16 _219 |
| 100 | 1 |
_aClare, Cassandra, _d1973- _92241 |
|
| 245 | 1 | 0 |
_aCazadores de sombras : _bciudad del fuego celestial / _cCassandra Clare ; traducción Patricia Nunes. |
| 250 | _a2a. edición. | ||
| 260 |
_aBogotá : _bEditorial Planeta : _bDestino, _c2014. |
||
| 300 |
_a663 páginas ; _c21 cm. |
||
| 490 | 1 |
_aLa Isla del Tiempo ; _v6 |
|
| 534 |
_pTítulo original : _tThe mortal instruments book 6: city of heavenly fire. |
||
| 650 | 1 | 4 |
_aDemonología _v Novela juvenil. _92243 |
| 650 | 1 | 4 |
_aLo sobrenatural _v Novela juvenil. _92242 |
| 650 | 1 | 4 |
_aMagia _v Novela juvenil. _92244 |
| 650 | 1 | 4 |
_aNovela juvenil estadounidense. _91575 |
| 700 | 1 |
_aNunes, Patricia, _etraductor. _98434 |
|
| 942 |
_2ddc _cBK |
||
| 999 |
_c37821 _d37821 |
||